000 00690nam a2200253Ia 4500
003 OSt
005 20221005024808.0
006 a|||||r|||| 00| 0
007 ta
008 221004b |||||||| |||| 00| 0 ara d
024 _a21969
037 _cTextual
040 _aCRL
_cCRL
_bara
041 _2ara
_aara
082 _aO28vN5, M6.2-.4
100 _aZaif Shouqi Au.
245 0 _aTareekh-e-al-adab al-arbi
_b Al-asr al-abbasi al-awwal
260 _aCairo
_bDar-al Muarif ba Misr Misr
_c1986
300 _a.
_ccm.
490 _vvol 3
650 _aARABIC LITERATURE
942 _hO28vN5, M6.2-.4
_cTEXL
_2cc
999 _c933477
_d933477